书目信息 |
| 题名: |
中国人民大学法学院教授沙龙
|
|
| 作者: | ;中国人民大学 编著 | |
| 分册: | ||
| 出版信息: | 北京 中国人民大学出版社 2015 |
|
| 页数: | 388页 | |
| 开本: | 26cm | |
| 丛书名: | ||
| 单 册: | ||
| 中图分类: | D90-53 | |
| 科图分类: | ||
| 主题词: | 法学--Fa Xue--文集 | |
| 电子资源: | ||
| ISBN: | 978-7-300-22219-6 | |
| 000 | 00948nam0 22002411 450 | |
| 001 | 349666 | |
| 005 | 20161008164609.57 | |
| 010 | @a978-7-300-22219-6@dCNY69.00 | |
| 100 | @a20160223d2015 em y0chiy50 ea | |
| 101 | 0 | @achi |
| 102 | @aCN@b110000 | |
| 105 | @ay z 000yy | |
| 106 | @ar | |
| 200 | 1 | @a中国人民大学法学院教授沙龙@AZhong Guo Ren Min Da Xue Fa Xue Yuan Jiao Shou Sha Long@f中国人民大学法学院教授沙龙编写组[编著] |
| 210 | @a北京@c中国人民大学出版社@d2015 | |
| 215 | @a388页@d26cm | |
| 300 | @a中国人民大学法学院建院65周年(1950-2015) | |
| 330 | @a本书收录了《杨立新:法律人格的演变和法律物格》、《朱景文:法制化的趋势与反思》、《王轶:民法典的规范类型及其配置关系》、《郭禾:中国专利法第三次修订引发的思考》等文章。 | |
| 606 | 0 | @a法学@AFa Xue@j文集 |
| 690 | @aD90-53@v5 | |
| 711 | 02 | @a中国人民大学@AZhong Guo Ren Min Da Xue@b法学院@b教授沙龙编写组@4编著 |
| 801 | 0 | @aCN@bTANGWEI@20160730 |
| 905 | @b0886155-9@dD90-53@e596@f5 | |
| 中国人民大学法学院教授沙龙/中国人民大学法学院教授沙龙编写组[编著].-北京:中国人民大学出版社,2015 |
| 388页;26cm |
| 中国人民大学法学院建院65周年(1950-2015) |
| ISBN 978-7-300-22219-6:CNY69.00 |
| 本书收录了《杨立新:法律人格的演变和法律物格》、《朱景文:法制化的趋势与反思》、《王轶:民法典的规范类型及其配置关系》、《郭禾:中国专利法第三次修订引发的思考》等文章。 |
| ● |
| 相关链接 |
|
|
|
|
正题名:中国人民大学法学院教授沙龙
索取号:D90-53/596
 
预约/预借
| 序号 | 登录号 | 条形码 | 馆藏地/架位号 | 状态 | 备注 |
| 1 | 0886155 | 208861551 | 第一样本阅览室/ [索取号:D90-53/596] | 在馆 | |
| 2 | 0886156 | 208861560 | 密集书库-史法系/ [索取号:D90-53/596] | 在馆 | |
| 3 | 0886157 | 208861579 | 第一借阅区/ [索取号:D90-53/596] | 在馆 | |
| 4 | 0886158 | 208861588 | 第一借阅区/ [索取号:D90-53/596] | 在馆 | |
| 5 | 0886159 | 208861597 | 第一借阅区/ [索取号:D90-53/596] | 在馆 |